JRE-IKST-007の採用駅 - Statistics

General Stats
  • This quiz has been taken 12 times
    8 since last reset
  • The average score is 32 of 40
Answer Stats
Answer % Correct
横浜
100%
川崎
100%
品川
100%
新橋
100%
有楽町
100%
東京
100%
神田
100%
秋葉原
100%
上野
100%
大船
83%
港南台
83%
根岸
83%
桜木町
83%
東神奈川
83%
新子安
83%
鶴見
83%
大森
83%
大井町
83%
浜松町
83%
田端
83%
上中里
83%
王子
83%
東十条
83%
川口
83%
南浦和
83%
北浦和
83%
本郷台
67%
洋光台
67%
新杉田
67%
磯子
67%
山手
67%
田町
67%
御徒町
67%
日暮里
67%
西日暮里
67%
西川口
67%
与野
67%
さいたま新都心
67%
石川町
50%
50%
No matching quizzes found
Score Distribution
Percent of People with Each Score
Percentile by Number Answered
Your Score History
You have not taken this quiz since the last reset